|
|
|
|
| LEADER |
01887nam a2200385 a 4500 |
| 001 |
31852 |
| 003 |
BD-DhAAL |
| 005 |
20260111144410.0 |
| 008 |
170522s2012 nyua f 001 0 eng d |
| 010 |
|
|
|a 2011033034
|z 2011944058
|
| 020 |
|
|
|a 9780199603640
|
| 040 |
|
|
|a DLC
|c DLC
|d DLC
|d BD-DhAAL
|
| 082 |
0 |
0 |
|a 615.1
|2 23
|
| 245 |
0 |
0 |
|a Oxford handbook of clinical pharmacy /
|c edited by Philip Wiffen ... [et al.].
|
| 246 |
3 |
0 |
|a Handbook of clinical pharmacy
|
| 246 |
3 |
0 |
|a Clinical pharmacy
|
| 250 |
|
|
|a Second edition.
|
| 260 |
|
|
|a New York :
|b Oxford University Press,
|c 2012.
|
| 300 |
|
|
|a xix, 674 pages :
|b illustration ;
|c 19 cm.
|
| 490 |
0 |
|
|a Oxford medical publications
|
| 490 |
0 |
|
|a Oxford handbooks
|
| 500 |
|
|
|a Includes index.
|
| 526 |
|
|
|a PHR
|
| 541 |
|
|
|e 31852, 31853, 31854, 31855
|
| 650 |
|
0 |
|a Clinical pharmacology
|v Handbooks, manuals, etc.
|9 21107
|
| 650 |
|
0 |
|a Pharmacy
|v Handbooks, manuals, etc.
|9 21108
|
| 650 |
|
0 |
|a Pharmacy.
|9 43069
|
| 700 |
1 |
|
|a Wiffen, Phil.
|9 21109
|
| 852 |
|
|
|a Ayesha Abed Library
|c General Stacks
|
| 942 |
|
|
|2 ddc
|c BK
|
| 999 |
|
|
|c 37984
|d 37984
|
| 952 |
|
|
|0 0
|1 0
|2 ddc
|4 0
|6 615_100000000000000_OXF
|7 0
|9 60682
|a PHR
|b PHR
|c GEN
|d 2017-05-18
|e Trim Education
|g 4156.00
|l 0
|o 615.1 OXF
|p 3010031854
|r 2017-05-18
|t 3
|v 4156.00
|w 2017-05-18
|y BK
|
| 952 |
|
|
|0 0
|1 0
|2 ddc
|4 0
|6 615_100000000000000_OXF
|7 0
|9 60683
|a BRACUL
|b BRACUL
|c GEN
|d 2017-05-18
|e Trim Education
|g 4156.00
|l 10
|m 142
|o 615.1 OXF
|p 3010031853
|r 2025-07-07
|s 2024-10-24
|t 2
|v 4156.00
|w 2017-05-18
|y BK
|
| 952 |
|
|
|0 0
|1 0
|2 ddc
|4 0
|6 615_100000000000000_OXF
|7 0
|9 60684
|a BRACUL
|b BRACUL
|c GEN
|d 2017-05-18
|e Trim Education
|g 4156.00
|l 13
|m 85
|o 615.1 OXF
|p 3010031855
|r 2025-11-16
|s 2025-11-05
|t 4
|v 4156.00
|w 2017-05-18
|y BK
|
| 952 |
|
|
|0 0
|1 0
|2 ddc
|4 0
|6 615_100000000000000_OXF
|7 1
|8 REF
|9 60685
|a BRACUL
|b BRACUL
|c GEN
|d 2017-05-18
|e Trim Education
|g 4156.00
|l 4
|m 48
|o 615.1 OXF
|p 3010031852
|r 2025-02-24
|s 2024-09-02
|t 1
|v 4156.00
|w 2017-05-18
|y BK
|